Encrucijadas en la seguridad social Argentina (Registro nro. 4088)

Detalles MARC
000 -LEADER
fixed length control field 01282 a2200265 4500
001 - CONTROL NUMBER
control field 45959
005 - DATE AND TIME OF LATEST TRANSACTION
control field 20260407155732.0
008 - FIXED-LENGTH DATA ELEMENTS--GENERAL INFORMATION
fixed length control field 260407a2011 arg spa d
003 - CONTROL NUMBER IDENTIFIER
control field AR-UNSa-BCEJYS
040 ## - CATALOGING SOURCE
Original cataloging agency AR-UNSa-BCEJYS
Language of cataloging spa
Transcribing agency AR-UNSa-BCEJYS
080 ## - UNIVERSAL DECIMAL CLASSIFICATION NUMBER
Universal Decimal Classification number 369
Common auxiliary subdivision Seguridad social
020 ## - INTERNATIONAL STANDARD BOOK NUMBER
International Standard Book Number 978-92-2-325772-9
041 ## - LANGUAGE CODE
Language code of text/sound track or separate title spa
100 1# - MAIN ENTRY--PERSONAL NAME
Personal name Bertranou, Fabio
245 10 - TITLE STATEMENT
Title Encrucijadas en la seguridad social Argentina
Name of part/section of a work reformas, cobertura y desafíos para el sistema de pensiones
264 #1 - PRODUCTION, PUBLICATION, DISTRIBUTION, MANUFACTURE, AND COPYRIGHT NOTICE
Place of production, publication, distribution, manufacture Buenos Aires :
Name of producer, publisher, distributor, manufacturer CEPAL
Date of production, publication, distribution, manufacture, or copyright notice 2011
300 ## - PHYSICAL DESCRIPTION
Extent 176 p.
Dimensions 25 cm.
505 ## - FORMATTED CONTENTS NOTE
Formatted contents note 1. objetivos de la previsión social, el papel del Estado y la experiencia internacional en la conformación de los sistemas – 2. Maduración, crisis y reforma del sistema previsional argentino – 3. Las reformas recientes en el sistema previsional argentino – 4. Cobertura provisional – 5. Consideraciones sobre las tendencias demográficas y su vínculo con el sistema de pensiones – 6. Situación actual y desafíos.
590 ## - LOCAL NOTE (RLIN)
Local note niveau_biblio:m niveau_hierar:0
700 1# - ADDED ENTRY--PERSONAL NAME
Personal name Cetrángolo, Oscar
700 1# - ADDED ENTRY--PERSONAL NAME
Personal name Grushka, Carlos O.
700 1# - ADDED ENTRY--PERSONAL NAME
Personal name Casanova, Luis
856 41 - ELECTRONIC LOCATION AND ACCESS
Uniform Resource Identifier <a href="https://www.biblioeco.unsa.edu.ar/pmb/images/libros/L127248.jpg">https://www.biblioeco.unsa.edu.ar/pmb/images/libros/L127248.jpg</a>
Link text Imagen de portada
Electronic format type image/jpeg
942 ## - ADDED ENTRY ELEMENTS (KOHA)
Koha item type
Existencias
Withdrawn status Lost status Damaged status Not for loan Home library Current library Shelving location Date acquired Total checkouts Full call number Barcode Date last seen Price effective from Koha item type
        Biblioteca Prof. Eusebio Cleto del Rey Biblioteca Prof. Eusebio Cleto del Rey   07/04/2026   369 E562 L127248 07/04/2026 07/04/2026 Libro